Polt̕ica econm̤ica del medio ambiente anl̀isis de la degradacin̤ de los recursos naturales /

Detalles Bibliográficos
Autor principal: Franco Sala, Luis
Formato: Desconocido
Lenguaje:español
Publicado: Barcelona : Cedecs Editorial, 1995
Edición:1. ed.
Materias:
Acceso en línea:Acceso restringido

MARC

LEADER 00000ny a22000003n 4500
005 19970630172220.9
008 960329s1995 sp a 000 0 spa
010 |a 96131449 
020 |a 9788489171169 
035 |a 2594 
040 |a DLC  |c DLC  |d vLex 
050 0 0 |a MLCM 97/13950 (H) 
090 |c 632  |d 632 
100 1 |a Franco Sala, Luis 
245 1 0 |a Polt̕ica econm̤ica del medio ambiente  |h [Recurso electrn̤ico]  |b anl̀isis de la degradacin̤ de los recursos naturales /  |c Luis Franco Sala 
250 |a 1. ed. 
256 |a Servicio en ln̕ea 
260 |a Barcelona :  |b Cedecs Editorial,  |c 1995 
300 |a 235 p. :  |b ill. ;  |c 24 cm. 
504 |a Bibliography: p.217-235 
506 1 |a Contenido solo disponible en los productos indicados  |d vLex Global  |d vLex Global (Academic Edition, excluding Law Schools)  |d vLex Global (U.S. Academic Edition, Law Schools)  |d vLex Global (U.S. Academic Edition, excluding Law Schools)  |d vLex Global (Academic Edition, Law Schools) 
650 0 7 |a Ambiental  |2 Tesauro vLex 
650 0 7 |a Derecho medioambiental  |2 Tesauro vLex 
650 0 7 |a Medio ambiente  |2 Tesauro vLex 
740 0 |a vLex Libros (Servicios en ln̕ea) 
856 4 0 |u http://vlex.com/source/2594  |z Acceso restringido 
942 |c BOOK 
999 0 |a Environmental Law  |b Barcelona